000 01400cam a2200337 4500
999 _c528373
_d528373
001 3156484
003 NUST
005 20190911051517.0
008 720216s1971 dcua b 000 0 eng
010 _a 74180696
038 _aMSOHAIL
040 _aDLC
_cDLC
_dDLC
050 0 0 _aTE7
_b.N25 no. 122
_aHE336.E3
082 0 0 _a625.708
_a388.11
_bZEL
100 1 _aWinfrey, Robley,
_d1899-
_920146
245 1 0 _aSummary and evaluation of economic consequences of highway improvements
_c[by] Robley Winfrey and Carl Zellner.
260 _a[Washington]
_bHighway Research Board, National Research Council,
_c1971.
300 _a324 p.
_billus.
_c29 cm.
350 _a$13.60
490 1 _aNational Cooperative Highway Research Program. Report
_v122
500 _a"NCHRP project 2-11 FY '67."
500 _a"Research sponsored by the American Association of State Highway Officials in cooperation with the Federal Highway Administration."
504 _aIncludes bibliographical references.
650 0 _aRoads
_xEconomic aspects.
_920147
700 1 _aZellner, Carl A.,
_ejoint author.
_920148
710 2 _aAmerican Association of State Highway Officials.
_919665
710 1 _aUnited States.
_bFederal Highway Administration.
_920149
830 0 _aReport (National Cooperative Highway Research Program) ;
_v122.
_920150
906 _a7
_bcbc
_corignew
_d2
_encip
_f19
_gy-gencatlg
942 _2ddc
_cBK